[Event "M.Chigorin Memorial 2013"]
[Site "St. Petersburg"]
[Date "2013.10.08"]
[Round "4.2"]
[White "Burmakin, Vladimir"]
[Black "Areshchenko, Alexander"]
[Result "1/2-1/2"]
[WhiteElo "2581"]
[BlackElo "2714"]
[PlyCount "150"]
[EventDate "2013.10.05"]
[TimeControl "6000+1500"]
[WhiteClock "0:06:40"]
[BlackClock "0:01:53"]

1. d4 Nf6 2. Nf3 g6 3. Bf4 Bg7 4. e3 d6 5. h3 O-O 6. Be2 c5 7. c3 cxd4 8. exd4
Qb6 9. Qb3 Be6 10. Qa3 Nc6 11. O-O a5 12. Rd1 Nd5 13. Bh2 Nc7 14. Nbd2 a4 15.
Nf1 Nb5 16. Bxb5 Qxb5 17. Ne3 Bh6 18. Nd2 Bxe3 19. fxe3 Qe2 20. Nf1 Bd5 21. Rd2
Qb5 22. Rf2 Na5 23. Qb4 Qd3 24. Re1 Nc6 25. Qa3 f5 26. Rd2 Qc4 27. Rde2 Qxa2
28. Qxa2 Bxa2 29. Nd2 b5 30. e4 fxe4 31. Rxe4 Bd5 32. R4e3 a3 33. bxa3 Rxa3 34.
Ne4 Ra2 35. R3e2 Rfa8 36. Bf4 Kg7 37. Nf2 Rxe2 38. Rxe2 Ra1+ 39. Kh2 Bc4 40.
Rb2 Kf6 41. Bd2 Ke6 42. Kg3 b4 43. cxb4 Nxd4 44. Ne4 Kf5 45. Nc3 Nb5 46. Nxb5
Bxb5 47. Rc2 e5 48. Bh6 Rb1 49. Rc7 Rxb4 50. Rxh7 Bc6 51. Rf7+ Ke6 52. Rf2 Be4
53. Bg7 Bf5 54. Kh2 Rb7 55. Bh6 d5 56. g4 Bd3 57. Rf8 d4 58. Rd8 Bf1 59. Rg8
Rb2+ 60. Kg3 Rb3+ 61. Kf2 Bxh3 62. Rxg6+ Kd5 63. Rg8 e4 64. Rd8+ Kc4 65. Bg7
e3+ 66. Kf3 Bxg4+ 67. Kxg4 d3 68. Rc8+ Kd5 69. Kf3 e2 70. Kf2 Rb1 71. Bc3 Rf1+
72. Ke3 Rc1 73. Rd8+ Kc4 74. Rc8+ Kb5 75. Rb8+ Kc4 1/2-1/2

[Event "M.Chigorin Memorial 2013"]
[Site "St. Petersburg"]
[Date "2013.10.08"]
[Round "4.3"]
[White "Al-Modiahki, Mohamad"]
[Black "Akopian, Vladimir"]
[Result "1/2-1/2"]
[WhiteElo "2568"]
[BlackElo "2684"]
[PlyCount "95"]
[EventDate "2013.10.05"]
[TimeControl "5400+805"]
[WhiteClock "0:17:34"]
[BlackClock "0:14:38"]

1. e4 e5 2. Nf3 Nc6 3. Bb5 a6 4. Ba4 Nf6 5. O-O Be7 6. Re1 b5 7. Bb3 O-O 8. h3
Bb7 9. d3 d6 10. a3 Qd7 11. Nc3 Rfe8 12. Nd5 Nxd5 13. exd5 Nd4 14. Nxd4 exd4
15. Qg4 Qxg4 16. hxg4 h6 17. Bd2 a5 18. a4 b4 19. Re4 Bf6 20. Rxe8+ Rxe8 21.
Re1 Rxe1+ 22. Bxe1 Bc8 23. f3 Bd7 24. Kf1 Kh7 25. Ke2 g5 26. g3 Kg6 27. Kf2 Be5
28. Bd2 f5 29. gxf5+ Kxf5 30. g4+ Kg6 31. Kg2 Kf6 32. Be1 Ke7 33. Bf2 Kf6 34.
Be1 Kg7 35. Bf2 Kg6 36. Be1 h5 37. gxh5+ Kxh5 38. Bd2 Kg6 39. Be1 Kf5 40. Kf2
Be8 41. Kg2 g4 42. Bh4 gxf3+ 43. Kxf3 Bh5+ 44. Kg2 Bf6 45. Be1 Be8 46. Kf3 Bh5+
47. Kg2 Be8 48. Kf3 1/2-1/2

[Event "M.Chigorin Memorial 2013"]
[Site "St. Petersburg"]
[Date "2013.10.08"]
[Round "4.4"]
[White "Belous, Vladimir"]
[Black "Matlakov, Maxim"]
[Result "0-1"]
[WhiteElo "2554"]
[BlackElo "2682"]
[PlyCount "90"]
[EventDate "2013.10.05"]
[TimeControl "6000+970"]
[WhiteClock "0:25:23"]
[BlackClock "0:27:51"]

1. d4 Nf6 2. c4 g6 3. Nf3 Bg7 4. g3 c5 5. d5 b5 6. cxb5 Qa5+ 7. Bd2 Qxb5 8. Nc3
Qb7 9. Bg2 d6 10. O-O O-O 11. h3 Nbd7 12. Rb1 Nb6 13. e4 Nc4 14. Bg5 h6 15. Bc1
Qb4 16. Re1 Nd7 17. Nd2 Nxb2 18. Rxb2 Qxc3 19. Rb5 Qa1 20. Nb3 Qf6 21. Na5 Ba6
22. Bb2 Ne5 23. Rb3 c4 24. Bxe5 Qxe5 25. Nc6 Qf6 26. Ra3 Bb5 27. Rf3 Qb2 28.
Re2 Qa1 29. Qxa1 Bxa1 30. Nxe7+ Kg7 31. Re1 Bb2 32. Bf1 Rfe8 33. Nc6 f5 34. Na5
fxe4 35. Rfe3 Bd4 36. Nb7 Bxe3 37. Rxe3 Ba6 38. Nxd6 Red8 39. Nxe4 Rxd5 40. Nc3
Rd7 41. h4 Rb8 42. Bh3 Rd3 43. Re7+ Kf8 44. Rxa7 Bb7 45. Ra3 Ra8 0-1

[Event "M.Chigorin Memorial 2013"]
[Site "St. Petersburg"]
[Date "2013.10.08"]
[Round "4.5"]
[White "Gabrielian, Artur"]
[Black "Khismatullin, Denis"]
[Result "1/2-1/2"]
[WhiteElo "2541"]
[BlackElo "2656"]
[PlyCount "69"]
[EventDate "2013.10.05"]
[TimeControl "6000+1050"]
[WhiteClock "0:16:24"]
[BlackClock "0:04:45"]

1. e4 c6 2. d4 d5 3. Nc3 b5 4. a3 dxe4 5. Nxe4 Nf6 6. Nxf6+ exf6 7. c3 Bd6 8.
Bd3 O-O 9. Ne2 Nd7 10. O-O Qc7 11. Ng3 Re8 12. Nf5 Nb6 13. Nxd6 Qxd6 14. Qf3
Be6 15. Bf4 Qd7 16. Rfe1 Bg4 17. Qg3 Bf5 18. Bf1 Qd5 19. Rad1 h5 20. f3 Qb3 21.
Bc1 Nc4 22. Qf2 Bc2 23. Bxc4 bxc4 24. Rxe8+ Rxe8 25. Re1 Re6 26. h4 Bd3 27. Kh2
Qb8+ 28. Kg1 Qb3 29. Kh2 Kh7 30. Kg1 a6 31. Kh2 Qb8+ 32. Kg1 Qb3 33. Kh2 Qb8+
34. Kg1 Qb3 35. Kh2 1/2-1/2

[Event "M.Chigorin Memorial 2013"]
[Site "St. Petersburg"]
[Date "2013.10.08"]
[Round "4.6"]
[White "Korneev, Oleg"]
[Black "Bukavshin, Ivan"]
[Result "1-0"]
[WhiteElo "2622"]
[BlackElo "2553"]
[PlyCount "205"]
[EventDate "2013.10.05"]
[TimeControl "6000+1185"]
[WhiteClock "0:01:12"]
[BlackClock "0:36:41"]

1. e4 c5 2. Nf3 e6 3. c3 d5 4. exd5 exd5 5. d4 Nc6 6. Bb5 Bd6 7. O-O Nf6 8.
Qe2+ Qe7 9. Qxe7+ Kxe7 10. Re1+ Be6 11. dxc5 Bxc5 12. Nbd2 a6 13. Bf1 Bb6 14.
Nb3 Rhe8 15. Nfd4 Nxd4 16. Nxd4 Kf8 17. Be3 Bd7 18. Rad1 Re7 19. Nf5 Re6 20.
Nd4 Re7 21. Nc2 Bxe3 22. Rxe3 Ba4 23. Rxe7 Kxe7 24. Re1+ Kd6 25. Ne3 Re8 26. f3
Kc5 27. Kf2 g6 28. Be2 a5 29. Bd1 Bd7 30. a3 Bc6 31. b4+ axb4 32. axb4+ Kd6 33.
Bb3 Rd8 34. Rd1 Ke7 35. Re1 Kd6 36. Rd1 Ke7 37. g4 h6 38. h4 Rc8 39. g5 hxg5
40. hxg5 Nh7 41. f4 f6 42. b5 fxg5 43. bxc6 bxc6 44. f5 gxf5 45. Nxf5+ Kd7 46.
Re1 Re8 47. Ra1 Rc8 48. Re1 Re8 49. Ra1 Rc8 50. Ra7+ Rc7 51. Ra8 Rc8 52. Ra7+
Rc7 53. Ra6 Nf6 54. Bc2 Ng4+ 55. Kg3 Ne5 56. Nd4 Kc8 57. Ra8+ Kb7 58. Ra1 Re7
59. Re1 Kc7 60. Nf3 Kd6 61. Nd4 Kc7 62. Re2 Kd7 63. Ba4 Kc7 64. Nf5 Re8 65. Bc2
Kd7 66. Rh2 Kc7 67. Re2 Kd7 68. Rh2 Kc7 69. Rh7+ Kb6 70. Nd4 Nc4 71. Rh6 Re3+
72. Kf2 Rxc3 73. Rxc6+ Ka5 74. Rc5+ Kb6 75. Rc6+ Ka5 76. Rc5+ Kb6 77. Rb5+ Kc7
78. Rxd5 Nd6 79. Bg6 Ra3 80. Rxg5 Ra2+ 81. Ke3 Nc4+ 82. Kd3 Nd6 83. Kc3 Rh2 84.
Rg1 Rh4 85. Re1 Rg4 86. Re7+ Kb6 87. Bd3 Kc5 88. Re5+ Kb6 89. Re6 Kc5 90. Re5+
Kb6 91. Re1 Kc5 92. Nb3+ Kd5 93. Nd2 Rg3 94. Rb1 Kc5 95. Rb8 Rh3 96. Kc2 Rh2
97. Rg8 Kd4 98. Rd8 Kc5 99. Rd7 Nb5 100. Kd1 Nc3+ 101. Ke1 Rh1+ 102. Bf1 Nd5
103. Ne4+ 1-0

[Event "M.Chigorin Memorial 2013"]
[Site "St. Petersburg"]
[Date "2013.10.08"]
[Round "4.7"]
[White "Givon, Asaf"]
[Black "Zhigalko, Andrey"]
[Result "0-1"]
[WhiteElo "2445"]
[BlackElo "2615"]
[PlyCount "52"]
[EventDate "2013.10.05"]
[TimeControl "6000+1470"]
[WhiteClock "0:01:31"]
[BlackClock "0:06:44"]

1. e4 c5 2. Nf3 Nc6 3. Bb5 e6 4. O-O Nge7 5. Re1 Nd4 6. Nxd4 cxd4 7. d3 a6 8.
Ba4 b5 9. Bb3 Nc6 10. Qh5 Bb7 11. a4 Qa5 12. Bd2 b4 13. Qg4 h5 14. Qh3 Qe5 15.
Bd5 Rc8 16. c3 Be7 17. Bxc6 Rxc6 18. c4 h4 19. b3 Qh5 20. f4 f5 21. exf5 exf5
22. Qf3 Qxf3 23. gxf3 Kf7 24. Rxe7+ Kxe7 25. Bxb4+ Kf7 26. Nd2 Re8 0-1

[Event "M.Chigorin Memorial 2013"]
[Site "St. Petersburg"]
[Date "2013.10.08"]
[Round "4.8"]
[White "Kokarev, Dmitry"]
[Black "Stocek, Jiri"]
[Result "1-0"]
[WhiteElo "2611"]
[BlackElo "2543"]
[PlyCount "153"]
[EventDate "2013.10.05"]
[TimeControl "6000+1515"]
[WhiteClock "0:15:23"]
[BlackClock "0:00:40"]

1. e4 e5 2. Nf3 Nc6 3. Bb5 a6 4. Ba4 Nf6 5. O-O Be7 6. Re1 b5 7. Bb3 d6 8. c3
O-O 9. h3 Bb7 10. d4 Re8 11. Nbd2 Bf8 12. d5 Nb8 13. Nf1 h6 14. N3h2 Nbd7 15.
Ng4 Nxg4 16. hxg4 Be7 17. a4 Bg5 18. Be3 Nf6 19. Bxg5 hxg5 20. Qd3 c6 21. Ne3
Qd7 22. axb5 axb5 23. dxc6 Bxc6 24. f3 g6 25. Qd2 Rxa1 26. Rxa1 Ra8 27. Rxa8+
Bxa8 28. Nf5 Bxe4 29. Nh6+ Kg7 30. Nxf7 Bd5 31. Bxd5 Nxd5 32. Qxd5 Qa7+ 33. Kh1
Qxf7 34. Qxd6 Qf4 35. Qd7+ Kh6 36. Qxb5 Qc1+ 37. Kh2 Qf4+ 38. Kg1 Qc1+ 39. Kf2
e4 40. Qe2 e3+ 41. Qxe3 Qxb2+ 42. Kf1 Qb1+ 43. Ke2 Qb5+ 44. Qd3 Qb2+ 45. Qd2
Qb5+ 46. Ke3 Qf1 47. Kd4 Qg1+ 48. Kd5 Qa7 49. Qd4 Qa8+ 50. Kc4 Qa4+ 51. Kd3
Qd1+ 52. Ke4 Qe2+ 53. Kd5 Qb5+ 54. Qc5 Qd7+ 55. Ke4 Qb7+ 56. Kd4 Qd7+ 57. Qd5
Qa7+ 58. Kd3 Qg1 59. Qe5 Qd1+ 60. Ke3 Qe1+ 61. Kd4 Qd1+ 62. Kc5 Qd8 63. Qh2+
Kg7 64. Qd6 Qa5+ 65. Kd4 Qa4+ 66. c4 Qa1+ 67. Kd5 Qa8+ 68. Ke6 Qg8+ 69. Ke7
Qf7+ 70. Kd8 Qg8+ 71. Kd7 Qxc4 72. Qe5+ Kh7 73. Ke7 Qa6 74. Kf7 Qb7+ 75. Qe7
Qb2 76. f4 gxf4 77. Qh4# 1-0

[Event "M.Chigorin Memorial 2013"]
[Site "St. Petersburg"]
[Date "2013.10.08"]
[Round "4.9"]
[White "Zhigalko, Sergei"]
[Black "Svetlov, Dmitry"]
[Result "1/2-1/2"]
[WhiteElo "2683"]
[BlackElo "2371"]
[PlyCount "103"]
[EventDate "2013.10.05"]
[TimeControl "6000+3645"]
[WhiteClock "0:24:52"]
[BlackClock "0:20:20"]

1. e4 c6 2. d4 d5 3. e5 c5 4. Nf3 Bg4 5. dxc5 Nc6 6. c3 e6 7. Be3 Bxf3 8. Qxf3
Nxe5 9. Bb5+ Nc6 10. O-O Nf6 11. c4 a6 12. Ba4 Rc8 13. Rd1 Qa5 14. Nc3 dxc4 15.
Qg3 Qc7 16. Bf4 Qa5 17. b4 cxb3 18. axb3 Qxc5 19. Rac1 Qf5 20. Ne2 Nh5 21. Qf3
Nxf4 22. Nxf4 Bc5 23. g4 Qg5 24. b4 Bxb4 25. Rxc6 O-O 26. Rxc8 Rxc8 27. Qxb7
Qxg4+ 28. Ng2 Rf8 29. h3 Qc4 30. Ne3 Qf4 31. Ng2 Qc4 32. Ne3 Qf4 33. Qxa6 Bc5
34. Rd3 Qg5+ 35. Kf1 Qh4 36. Nd1 Rd8 37. Rxd8+ Qxd8 38. Qc4 Bd4 39. Bc6 g6 40.
Ke2 Qd6 41. Bg2 Kg7 42. Ne3 Bxe3 43. fxe3 Qg3 44. Qd4+ e5 45. Qg4 Qxg4+ 46.
hxg4 Kh6 47. Bd5 f5 48. gxf5 gxf5 49. Bg8 e4 50. Kf2 Kg5 51. Bxh7 f4 52. Bxe4
1/2-1/2

[Event "M.Chigorin Memorial 2013"]
[Site "St. Petersburg"]
[Date "2013.10.08"]
[Round "4.10"]
[White "Alekseev, Evgeny"]
[Black "Antipov, Mikhail Al"]
[Result "1/2-1/2"]
[WhiteElo "2707"]
[BlackElo "2515"]
[PlyCount "93"]
[EventDate "2013.10.05"]
[TimeControl "6000+970"]
[WhiteClock "0:12:20"]
[BlackClock "0:15:09"]

1. e4 c5 2. Nf3 d6 3. Bb5+ Bd7 4. c4 Nf6 5. Nc3 g6 6. d4 cxd4 7. Nxd4 Bg7 8. h3
O-O 9. O-O a6 10. Bxd7 Nbxd7 11. b3 Rc8 12. Bb2 Qa5 13. Re1 Rfe8 14. Qd2 Ne5
15. Rad1 Nc6 16. Na4 Qxd2 17. Rxd2 Nxd4 18. Bxd4 Nd7 19. Bxg7 Kxg7 20. Nb2 g5
21. Nd1 Ne5 22. Ne3 f6 23. f3 Kf7 24. Kf2 Ng6 25. Nf5 h5 26. h4 Nxh4 27. Nxh4
gxh4 28. Rh1 b5 29. cxb5 axb5 30. Rxh4 Rc5 31. Rh1 b4 32. Re1 Ra8 33. Ree2 Rc1
34. Rc2 Rxc2 35. Rxc2 e5 36. Kg3 f5 37. exf5 Kf6 38. Rc6 Ke7 39. Kh4 Rxa2 40.
g4 hxg4 41. fxg4 Kd7 42. Rc1 Rf2 43. Ra1 e4 44. Ra7+ Kd8 45. Ra8+ Kd7 46. Ra7+
Kd8 47. Ra8+ 1/2-1/2

[Event "M.Chigorin Memorial 2013"]
[Site "St. Petersburg"]
[Date "2013.10.08"]
[Round "4.11"]
[White "Romanov, Evgeny"]
[Black "Can, Emre"]
[Result "1/2-1/2"]
[WhiteElo "2654"]
[BlackElo "2513"]
[PlyCount "83"]
[EventDate "2013.10.05"]
[TimeControl "6000+875"]
[WhiteClock "0:26:38"]
[BlackClock "0:40:39"]

1. e4 c5 2. b3 a6 3. Bb2 Nc6 4. Nf3 e6 5. c4 Qc7 6. g3 d6 7. d4 cxd4 8. Nxd4
Nf6 9. Bg2 Nxd4 10. Qxd4 Be7 11. O-O O-O 12. e5 dxe5 13. Qxe5 Qxe5 14. Bxe5 Nd7
15. Bd4 Rb8 16. Nc3 b6 17. Rad1 Rd8 18. Bc6 f6 19. Rfe1 Kf7 20. Na4 Nc5 21.
Bxc5 Rxd1 22. Rxd1 bxc5 23. f4 Bb7 24. Bg2 Ke8 25. g4 Bxg2 26. Kxg2 Rd8 27.
Rxd8+ Kxd8 28. f5 Kd7 29. Kf3 Kc6 30. Nb2 exf5 31. gxf5 Bd6 32. h3 g6 33. Kg4
Be5 34. Nd3 Kd6 35. fxg6 hxg6 36. h4 a5 37. h5 gxh5+ 38. Kxh5 Bd4 39. Kg4 Ke6
40. Kf4 f5 41. Kf3 Kf6 42. Kf4 1/2-1/2

[Event "M.Chigorin Memorial 2013"]
[Site "St. Petersburg"]
[Date "2013.10.08"]
[Round "4.12"]
[White "Neverov, Valeriy"]
[Black "Khairullin, Ildar"]
[Result "0-1"]
[WhiteElo "2505"]
[BlackElo "2651"]
[PlyCount "116"]
[EventDate "2013.10.05"]
[TimeControl "6000+1565"]
[WhiteClock "0:00:44"]
[BlackClock "0:03:25"]

1. d4 d5 2. c4 c6 3. Nf3 Nf6 4. Nc3 e6 5. e3 Nbd7 6. Qc2 Bd6 7. b3 O-O 8. Bb2
Qe7 9. Rd1 b6 10. Bd3 Bb7 11. O-O c5 12. cxd5 exd5 13. Nb5 Bb8 14. Rfe1 Re8 15.
Bf5 Ne4 16. dxc5 bxc5 17. b4 cxb4 18. a3 Nb6 19. axb4 Qxb4 20. Nfd4 Nc4 21. Ba1
Qe7 22. Bxe4 Qxe4 23. Qxe4 dxe4 24. Rc1 Nd6 25. Nc7 Bxc7 26. Rxc7 Rac8 27. Rd7
Red8 28. Rxd8+ Rxd8 29. Rc1 Rc8 30. Rxc8+ Bxc8 31. Bc3 Bd7 32. h4 f6 33. Bb4
Nc4 34. Nb3 Ne5 35. Nc5 Bc6 36. Kf1 Kf7 37. Ke2 Bb5+ 38. Kd1 Kg6 39. Bc3 Kf5
40. Ke1 h5 41. Ba5 a6 42. Bc7 g5 43. hxg5 fxg5 44. Bd8 h4 45. Nb3 Nd3+ 46. Kd2
Nxf2 47. Nd4+ Kg4 48. Ne6 h3 49. gxh3+ Nxh3 50. Kc3 Bd7 51. Nc5 Bf5 52. Kd4 Kf3
53. Nb3 g4 54. Bc7 g3 55. Nd2+ Ke2 56. Nxe4 g2 57. Nc3+ Kf1 58. Bh2 Ng5 0-1

[Event "M.Chigorin Memorial 2013"]
[Site "St. Petersburg"]
[Date "2013.10.08"]
[Round "4.13"]
[White "Kovalenko, Igor"]
[Black "Raznikov, Danny"]
[Result "1/2-1/2"]
[WhiteElo "2644"]
[BlackElo "2486"]
[PlyCount "144"]
[EventDate "2013.10.05"]

1. d4 Nf6 2. c4 e6 3. Nf3 b6 4. g3 Bb7 5. Bg2 Bb4+ 6. Nbd2 c5 7. O-O cxd4 8.
Nxd4 Bxg2 9. Kxg2 Qc8 10. N2f3 a6 11. Qa4 Be7 12. Bg5 h6 13. Bxf6 Bxf6 14. Rad1
Qb7 15. Qa3 Be7 16. Qe3 O-O 17. Nf5 Bc5 18. Nd6 Qc7 19. Qf4 Nc6 20. Ne4 Rfc8
21. Rd2 Bb4 22. Rd3 f5 23. Ned2 g5 24. Qxc7 Rxc7 25. a3 Be7 26. h3 h5 27. g4
hxg4 28. hxg4 fxg4 29. Nh2 Ne5 30. Rd4 b5 31. b3 bxc4 32. Nxc4 Nxc4 33. bxc4
Bxa3 34. Nxg4 Be7 35. Ra1 a5 36. Ra4 Raa7 37. Ne5 Bf6 38. Re4 d5 39. cxd5 exd5
40. Re3 Kg7 41. Kf3 Rc5 42. Nd3 Rc4 43. Ra2 a4 44. Re6 a3 45. Rd6 Ra5 46. Rb6
Rh4 47. Rb3 Be7 48. Rb7 Kf6 49. Ke3 Bd6 50. Kd2 Rh1 51. Kc2 Ra4 52. Rb6 Ke7 53.
Rb7+ Ke6 54. Rg7 Kf6 55. Rd7 Ke6 56. Rg7 Rg4 57. Rg6+ Ke7 58. Rg7+ Kf6 59. Ra7
Rgg1 60. Ra6 Ke7 61. Ra7+ Ke6 62. Ra6 Ra1 63. Rxa1 Rxa1 64. Kc3 Rh1 65. Nc5+
Ke7 66. Ra7+ Kf6 67. Ra6 a2 68. Nb3 a1=Q+ 69. Nxa1 Rxa1 70. Rxd6+ Ke5 71. Rg6
Kf5 72. Rg8 Ra4 1/2-1/2

[Event "M.Chigorin Memorial 2013"]
[Site "St. Petersburg"]
[Date "2013.10.08"]
[Round "4.14"]
[White "Al-Sayed, Mohammed"]
[Black "Sjugirov, Sanan"]
[Result "1/2-1/2"]
[WhiteElo "2498"]
[BlackElo "2635"]
[PlyCount "79"]
[EventDate "2013.10.05"]

1. d4 Nf6 2. c4 e6 3. Nf3 b6 4. g3 Bb7 5. Bg2 c5 6. d5 exd5 7. Nh4 g6 8. Nc3
Bg7 9. O-O O-O 10. Bg5 Qe8 11. Bxf6 Bxf6 12. Bxd5 Bxd5 13. Nxd5 Bxh4 14. gxh4
Qd8 15. e3 Na6 16. Qg4 Nc7 17. Rad1 Nxd5 18. Rxd5 Qf6 19. Rd2 Rae8 20. Rfd1 Re6
21. Rxd7 Qxb2 22. h5 Qxa2 23. h6 Qc2 24. Rxa7 Rf6 25. Rf1 g5 26. Kh1 Rxh6 27.
Qxg5+ Rg6 28. Qf4 Qd3 29. Rg1 b5 30. cxb5 Qxb5 31. h4 Qc6+ 32. Kh2 Qd5 33. Rc7
Re8 34. Rg5 Rxg5 35. hxg5 Rf8 36. Kg3 Re8 37. Kh2 Rf8 38. Kg3 Re8 39. Kh2 Rf8
40. Kg3 1/2-1/2

[Event "M.Chigorin Memorial 2013"]
[Site "St. Petersburg"]
[Date "2013.10.08"]
[Round "4.15"]
[White "Baron, Tal"]
[Black "Andriasian, Zaven"]
[Result "1/2-1/2"]
[WhiteElo "2473"]
[BlackElo "2621"]
[PlyCount "59"]
[EventDate "2013.10.05"]

1. d4 Nf6 2. c4 c5 3. d5 g6 4. Nc3 Bg7 5. e4 d6 6. Nf3 e6 7. h3 O-O 8. Bd3 exd5
9. exd5 Re8+ 10. Be3 Rxe3+ 11. fxe3 Qe7 12. O-O Nbd7 13. Qd2 a6 14. Rf2 Rb8 15.
a4 b6 16. Raf1 Bh6 17. Nd1 b5 18. axb5 axb5 19. b3 b4 20. Qe1 Ra8 21. Re2 Bg7
22. Qh4 Ne5 23. Nxe5 Qxe5 24. Qf4 Qe7 25. Ref2 Ra7 26. Bb1 Ra1 27. Bc2 Ra7 28.
Bb1 Ra1 29. Bc2 Ra7 30. Bb1 1/2-1/2

[Event "M.Chigorin Memorial 2013"]
[Site "St. Petersburg"]
[Date "2013.10.08"]
[Round "4.16"]
[White "Ponkratov, Pavel"]
[Black "Chekhov, Sergei"]
[Result "1-0"]
[WhiteElo "2618"]
[BlackElo "2455"]
[PlyCount "61"]
[EventDate "2013.10.05"]

1. d4 Nf6 2. c4 e6 3. g3 c5 4. d5 exd5 5. cxd5 b5 6. e4 Nxe4 7. Bg2 Nd6 8. Nf3
Be7 9. O-O O-O 10. Bf4 Nc4 11. d6 Bf6 12. Nc3 Nc6 13. Ne4 Nxb2 14. Qd5 Na4 15.
Qf5 Rb8 16. Bg5 Bxg5 17. Nfxg5 g6 18. Qh3 h5 19. g4 Nd4 20. f4 Bb7 21. gxh5
Bxe4 22. Bxe4 Kg7 23. hxg6 Rh8 24. Qg4 fxg6 25. f5 Qf6 26. fxg6 Qxd6 27. Rf7+
Kg8 28. Nh7 Rxh7 29. gxh7+ Kxf7 30. Rf1+ Ke7 31. Qg5+ 1-0

[Event "M.Chigorin Memorial 2013"]
[Site "St. Petersburg"]
[Date "2013.10.08"]
[Round "4.18"]
[White "Malakhov, Igor"]
[Black "Hovhannisyan, Robert"]
[Result "1-0"]
[WhiteElo "2434"]
[BlackElo "2599"]
[PlyCount "105"]
[EventDate "2013.10.05"]

1. e4 c6 2. c4 d5 3. exd5 Nf6 4. Nc3 cxd5 5. cxd5 Nxd5 6. Nf3 e6 7. d4 Bb4 8.
Bd2 Nc6 9. Bd3 O-O 10. O-O Be7 11. a3 Bf6 12. Qe2 g6 13. Bh6 Re8 14. Rad1 a6
15. Rfe1 Nce7 16. h4 Nxc3 17. bxc3 Bd7 18. Bg5 Nd5 19. Qd2 Ba4 20. Rc1 Qa5 21.
Ne5 Bh8 22. h5 Rac8 23. hxg6 hxg6 24. Nxg6 fxg6 25. Bxg6 Rxc3 26. Qe2 Bxd4 27.
Bxe8 Bxe8 28. Qxe6+ Bf7 29. Qg4 Bxf2+ 30. Kxf2 Qb6+ 31. Be3+ Qg6 32. Qxg6+ Bxg6
33. Rxc3 Nxc3 34. Rc1 Nd5 35. Rc8+ Kg7 36. Rb8 b5 37. Ra8 b4 38. Ra7+ Bf7 39.
a4 Kg6 40. Rxa6+ Kf5 41. Ra7 Be8 42. a5 Ke4 43. Rb7 Bc6 44. a6 Kd3 45. Bh6 Kc4
46. Rb8 b3 47. Bg7 Nf4 48. a7 Nd3+ 49. Ke3 Bxg2 50. Rc8+ Nc5 51. Bd4 b2 52.
Rxc5+ Kb4 53. Rc8 1-0

[Event "M.Chigorin Memorial 2013"]
[Site "St. Petersburg"]
[Date "2013.10.08"]
[Round "4.19"]
[White "David, Alberto"]
[Black "Borisenko, Andrei"]
[Result "1-0"]
[WhiteElo "2574"]
[BlackElo "2401"]
[PlyCount "57"]
[EventDate "2013.10.05"]

1. d4 g6 2. e4 Bg7 3. Nf3 d6 4. Bc4 Nf6 5. Qe2 O-O 6. e5 dxe5 7. dxe5 Nd5 8. h3
Nb6 9. Bb3 Nc6 10. O-O Nd4 11. Nxd4 Qxd4 12. Re1 Be6 13. Nd2 c5 14. c3 Qd7 15.
Ne4 Qc6 16. Ng5 Bxb3 17. axb3 a6 18. Qg4 Rad8 19. Qh4 h6 20. Ne4 g5 21. Qh5 Rd5
22. f4 Nd7 23. Ng3 gxf4 24. Nf5 Kh8 25. Nxe7 Qe6 26. Nxd5 Qxd5 27. Bxf4 Qe6 28.
Rad1 Re8 29. Rd6 1-0

[Event "M.Chigorin Memorial 2013"]
[Site "St. Petersburg"]
[Date "2013.10.08"]
[Round "4.20"]
[White "Gorozhanin, Mikhail"]
[Black "Jumabayev, Rinat"]
[Result "1-0"]
[WhiteElo "2315"]
[BlackElo "2568"]
[PlyCount "81"]
[EventDate "2013.10.05"]

1. d4 Nf6 2. Nf3 g6 3. c4 Bg7 4. g3 c5 5. d5 b5 6. cxb5 a6 7. bxa6 d6 8. Bg2
Nbd7 9. O-O Nb6 10. Nc3 O-O 11. Ne1 Bxa6 12. Nc2 Ng4 13. h3 Ne5 14. b3 Nf3+ 15.
Bxf3 Bxc3 16. Rb1 Bc8 17. Bg2 Rxa2 18. b4 Bg7 19. Na3 Nd7 20. b5 Nb6 21. e4 e6
22. Qb3 Ra1 23. Rxa1 Bxa1 24. Bd2 Bd4 25. Ba5 exd5 26. exd5 c4 27. Nxc4 Qc7 28.
Rc1 Re8 29. Qc2 Bf5 30. Qd2 Nxc4 31. Qxd4 Qxa5 32. Qxc4 Bd7 33. Bf1 Rb8 34. Qf4
Qb6 35. Re1 Qc5 36. Re7 Bf5 37. g4 Kf8 38. Qg5 Be6 39. Bc4 Re8 40. Qf6 Qxc4 41.
dxe6 1-0

[Event "M.Chigorin Memorial 2013"]
[Site "St. Petersburg"]
[Date "2013.10.08"]
[Round "4.21"]
[White "Popov, Valerij"]
[Black "Kukhmazov, Arsen"]
[Result "0-1"]
[WhiteElo "2548"]
[BlackElo "2239"]
[PlyCount "40"]
[EventDate "2013.10.05"]

1. e4 c6 2. d4 d5 3. e5 Bf5 4. Nf3 e6 5. Be2 Nd7 6. O-O f6 7. c4 fxe5 8. dxe5
Bc5 9. Nc3 Ne7 10. Na4 O-O 11. Nxc5 Nxc5 12. Nd4 Qc7 13. Be3 b6 14. g4 Bg6 15.
b4 Ne4 16. Nxe6 Qxe5 17. Nxf8 Rxf8 18. Bd4 Qf4 19. Rc1 Ng5 20. Be3 Be4 0-1

[Event "M.Chigorin Memorial 2013"]
[Site "St. Petersburg"]
[Date "2013.10.08"]
[Round "4.22"]
[White "Golubov, Saveliy"]
[Black "Oparin, Grigoriy"]
[Result "1/2-1/2"]
[WhiteElo "2233"]
[BlackElo "2526"]
[PlyCount "98"]
[EventDate "2013.10.05"]

1. e4 c5 2. Nf3 d6 3. d4 cxd4 4. Nxd4 Nf6 5. Nc3 a6 6. h3 e5 7. Nb3 Be6 8. Be3
Nbd7 9. f4 Rc8 10. Qf3 exf4 11. Bxf4 Ne5 12. Qf2 Be7 13. O-O-O Ng6 14. Bh2 Rxc3
15. bxc3 Nxe4 16. Qe1 d5 17. Bd3 Nc5 18. Bg1 Na4 19. Kb1 Qd6 20. Ka1 Ne5 21.
Rb1 Nc6 22. Nd4 Bf6 23. Rb3 Na5 24. Rb4 b5 25. Rxb5 axb5 26. Bxb5+ Kf8 27. Bxa4
Nc4 28. Bb3 Qe5 29. Bh2 Qxe1+ 30. Rxe1 Ke7 31. Bxc4 dxc4 32. Be5 Bxe5 33. Rxe5
Kd6 34. Re2 g6 35. Kb2 Bd5 36. Nb5+ Kc5 37. Nd4 f5 38. g3 Be4 39. Rd2 Re8 40.
Kc1 h6 41. h4 Re7 42. Rf2 Re5 43. Rd2 Re7 44. Rf2 Kd6 45. h5 Ke5 46. hxg6 Rg7
47. Nf3+ Bxf3 48. Rxf3 Rxg6 49. Kd2 Rd6+ 1/2-1/2

[Event "M.Chigorin Memorial 2013"]
[Site "St. Petersburg"]
[Date "2013.10.08"]
[Round "4.23"]
[White "Zvjaginsev, Vadim"]
[Black "Savitskiy, Sergey"]
[Result "1-0"]
[WhiteElo "2659"]
[BlackElo "2354"]
[PlyCount "75"]
[EventDate "2013.10.05"]

1. e4 c5 2. Nf3 d6 3. Nc3 Nf6 4. e5 dxe5 5. Nxe5 Nbd7 6. Nc4 Nb6 7. b3 e6 8.
Be2 Be7 9. O-O O-O 10. Bf3 Nfd5 11. Bb2 Bf6 12. Ne4 Bxb2 13. Nxb2 Qc7 14. d4
cxd4 15. Qxd4 e5 16. Qc5 f5 17. Qxc7 Nxc7 18. Nd6 e4 19. Be2 Rd8 20. Rfd1 Rb8
21. Nb5 Rxd1+ 22. Rxd1 Nbd5 23. Bc4 Be6 24. Nd4 Kf7 25. Nxf5 Kf6 26. Nd6 Nc3
27. Re1 Bf5 28. Nd1 Nxd1 29. Rxd1 Bg6 30. Re1 b5 31. Bf1 Rd8 32. Nxe4+ Bxe4 33.
Rxe4 Rd2 34. a4 Rxc2 35. axb5 Rb2 36. Rf4+ Ke6 37. g3 g5 38. Bc4+ 1-0

[Event "M.Chigorin Memorial 2013"]
[Site "St. Petersburg"]
[Date "2013.10.08"]
[Round "4.24"]
[White "Demchenko, Anton"]
[Black "Tologontegin, Semetey"]
[Result "1-0"]
[WhiteElo "2632"]
[BlackElo "2350"]
[PlyCount "85"]
[EventDate "2013.10.05"]

1. e4 e5 2. Nf3 Nc6 3. Bb5 Nge7 4. Bc4 Ng6 5. h4 h6 6. h5 Nf4 7. d4 Qf6 8. g3
Ne6 9. d5 Ncd4 10. Nh2 Nc5 11. Nd2 c6 12. Ng4 Qe7 13. Ne3 Nb5 14. Bxb5 cxb5 15.
b4 Na6 16. a4 bxa4 17. Ba3 b5 18. c4 d6 19. O-O Qg5 20. cxb5 Nc7 21. b6 axb6
22. Ndc4 Ra6 23. Rc1 Qd8 24. f4 exf4 25. gxf4 Be7 26. Bb2 O-O 27. Rf2 Bf6 28.
Bxf6 Qxf6 29. e5 dxe5 30. Nxe5 Qd8 31. Rfc2 Qh4 32. Ng2 Qf6 33. Rxc7 Bf5 34.
R7c6 Qd8 35. Ne3 f6 36. Nf7 Rxf7 37. Nxf5 Ra8 38. d6 Kh8 39. Rc7 Rd7 40. Qd5
Rxc7 41. Rxc7 Qe8 42. Kf2 a3 43. d7 1-0

[Event "M.Chigorin Memorial 2013"]
[Site "St. Petersburg"]
[Date "2013.10.08"]
[Round "4.25"]
[White "Palachev, Petr"]
[Black "Volkov, Sergey"]
[Result "0-1"]
[WhiteElo "2348"]
[BlackElo "2628"]
[PlyCount "86"]
[EventDate "2013.10.05"]

1. d4 d5 2. c4 c6 3. Nf3 Nf6 4. Nc3 a6 5. c5 Nbd7 6. Bf4 Nh5 7. Be3 g6 8. g3
Bg7 9. Bg2 O-O 10. O-O Qc7 11. Qd2 e5 12. dxe5 Nxe5 13. Nxe5 Qxe5 14. Rad1 f5
15. Bd4 Qxd4 16. Qxd4 Bxd4 17. Rxd4 Be6 18. e3 Rae8 19. f4 Re7 20. Kf2 Nf6 21.
h3 h6 22. Ne2 Rfe8 23. Rc1 g5 24. Rc3 Kh7 25. Rd1 Rg7 26. Rg1 Bd7 27. Rcc1 Reg8
28. Bf3 g4 29. hxg4 fxg4 30. Bg2 Bf5 31. Nc3 Re7 32. Rge1 h5 33. e4 dxe4 34.
Rcd1 h4 35. gxh4 g3+ 36. Ke3 Ng4+ 37. Ke2 Nf2 38. Rd4 Rg4 39. Ke3 Rxh4 40. Bxe4
Nxe4 41. Rxe4 Bxe4 42. Nxe4 g2 43. Rg1 Rh1 0-1